00249nam a22001097a 4500020001800000040000900018082001700027100002300044245002600067260003000093650001600123 a9780764145063 cNUST a745.6197 KES aKespersaks, Veiko aCalligraphy In 24 Hrs aLondon:bBarron,s,c2011. aCalligraphy